000 00736nam a2200205 a 4500
001 BRCA_922
005 20190320203216.0
008 170408s2006----is-a---###---#000-0#eng-#
050 4 _aNK5352
_b.I85 2006
245 1 0 _aIslands of Glass
_bthe Art of Murano Glass, 1920-2005.
260 _aIsrael, Tel Aviv
_bEretz Israel Museum
_c2006
300 _a1 v. (en varias paginaciones)
_bil. a color
_c24 cm.
500 _aCatálogo de la exposición realizada en el Eretz Israel Museum (Tel Aviv), 2006
500 _aIncluye glosario
504 _aBibliografía : p. 84-85
546 _aTexto en : inglés e idish
650 1 4 _aVidrio esmaltado
_ySiglo XX
_zMurano, Venecia
_93053
651 4 _aMurano, Venecia
_xHistoria
_93054
942 _2lcc
_cB
999 _c813
_d813